[Event "2010 Standard Chess Dropout Tournament, Round 1"]
[Site "SchemingMind.com"]
[Date "2009.11.14"]
[Round "1"]
[White "desmondw"]
[Black "n_antonov"]
[Result "0-1"]
[WhiteCountry "IRL"]
[BlackCountry "BUL"]
[WhiteElo "1751"]
[WhiteRD "86"]
[BlackElo "2242"]
[BlackRD "79"]
[GameID "225947"]

1. e4 e5 2. Nf3 Nc6 3. Bb5 a6 4. Ba4 Nf6 5. Nc3 b5 6. Bb3 Be7 7. O-O d6 8. d3 Be6 9. Bxe6 fxe6 10. Bg5 Qd7
11. d4 b4 12. Ne2 exd4 13. Bxf6 Bxf6 14. Nexd4 Nxd4 15. Nxd4 c5 16. Nf3 Bxb2 17. Rb1 Bc3 18. Qd3 O-O 19. e5 d5 20. Rfd1 Rf5
21. a3 a5 22. axb4 cxb4 23. Qe3 Qa7 24. Nd4 Bxd4 25. Rxd4 Raf8 26. f3 Rc8
0-1

[Event "2010 Standard Chess Dropout Tournament, Round 1"]
[Site "SchemingMind.com"]
[Date "2009.11.10"]
[Round "1"]
[White "diggies"]
[Black "harsh"]
[Result "0-1"]
[WhiteCountry "USA"]
[BlackCountry "IND"]
[WhiteElo "1757"]
[WhiteRD "83"]
[BlackElo "1934"]
[BlackRD "90"]
[GameID "225948"]

1. e4 d6 2. Nf3 g6 3. d4 Bg7 4. Bc4 Nc6 5. c3 a6 6. Ng5 e6 7. d5 exd5 8. Bxd5 Nh6 9. O-O O-O 10. Be3 Ng4
11. Qf3 Nce5 12. Qe2 Nxe3 13. Qxe3 Bh6 14. Nxf7 Bxe3 15. Nxd8+ Kg7 16. Ne6+ Bxe6 17. fxe3 Bxd5 18. exd5 Nc4 19. e4 Rxf1+ 20. Kxf1 Ne3+
21. Ke2 Nc2 22. Nd2 Nxa1 23. Kd1 Rf8 24. Nf3 Rf4 25. Kc1 Rxe4 26. Kb1 Re2 27. Kxa1 Rxg2 28. Kb1 Rf2 29. Nd4 Rxh2 30. Ne6+ Kf6
31. Nxc7 g5 32. Ne8+ Ke5 33. c4 g4
0-1

[Event "2010 Standard Chess Dropout Tournament, Round 1"]
[Site "SchemingMind.com"]
[Date "2009.11.10"]
[Round "1"]
[White "dmichael"]
[Black "thaipham"]
[Result "1-0"]
[WhiteCountry "USA"]
[BlackCountry "AUS"]
[WhiteElo "2497"]
[WhiteRD "91"]
[BlackElo "1655"]
[BlackRD "88"]
[GameID "225949"]

1. d4 Nf6 2. c4 c5 3. d5 g6 4. Nc3 Bg7 5. e4 d6 6. h3 O-O 7. Nf3 e6 8. Bd3 exd5 9. exd5 Re8+ 10. Be3 Nh5
11. O-O Na6 12. Re1 Nc7 13. Qd2 a6 14. a4 Rb8 15. Bg5 Nf6 16. Qf4 b5 17. Rxe8+ Qxe8 18. Bxf6
1-0

[Event "2010 Standard Chess Dropout Tournament, Round 1"]
[Site "SchemingMind.com"]
[Date "2009.11.14"]
[Round "1"]
[White "Dreadtower"]
[Black "marble"]
[Result "0-1"]
[WhiteCountry "ENG"]
[BlackCountry "ENG"]
[WhiteElo "1735"]
[WhiteRD "112"]
[BlackElo "1872"]
[BlackRD "78"]
[GameID "225950"]

1. e4 c5 2. Nf3 g6 3. d4 cxd4 4. Nxd4 Bg7 5. c4 e6 6. Nc3 Ne7 7. Ndb5 O-O 8. Be3 Nbc6 9. Nd6 f5 10. Qd2 Qa5
11. Be2 f4 12. Bxf4 Bxc3 13. bxc3 Rxf4 14. O-O Rf8 15. Nxc8 Raxc8 16. Qxd7 Qxc3 17. Qxe6+ Rf7 18. Rac1 Qd2 19. Bg4 Rf8 20. Bf3 Nd4
21. Qg4 Rxf3
0-1

[Event "2010 Standard Chess Dropout Tournament, Round 1"]
[Site "SchemingMind.com"]
[Date "2009.11.09"]
[Round "1"]
[White "echecs"]
[Black "Black Five"]
[Result "1/2-1/2"]
[WhiteCountry "ENG"]
[BlackCountry "WLS"]
[WhiteElo "1799"]
[WhiteRD "64"]
[BlackElo "1792"]
[BlackRD "120"]
[GameID "225951"]

1. e4 c5 2. c3 d5 3. exd5 Qxd5 4. d4 Nc6 5. Nf3 Bg4 6. Be2 cxd4 7. cxd4 Nf6 8. Nc3 Qa5 9. O-O e6 10. h3 Bh5
11. Be3 Be7 12. a3 O-O 13. b4 Qd8 14. Qd2 Bg6 15. Rfd1 Ne4 16. Nxe4 Bxe4 17. b5 Na5 18. Qb2 Rc8 19. Rac1 b6 20. Rxc8 Qxc8
21. Rc1 Qa8 22. a4 Rc8 23. Rxc8+ Qxc8 24. Ne5 f6 25. Nf3 Qc2 26. Qxc2 Bxc2 27. Bf4 Bxa4 28. Bb8 Bd8 29. Nd2 Nb3 30. Nxb3=
1/2-1/2

[Event "2010 Standard Chess Dropout Tournament, Round 1"]
[Site "SchemingMind.com"]
[Date "2009.11.09"]
[Round "1"]
[White "erikbrynolfson"]
[Black "thefriediceman"]
[Result "1/2-1/2"]
[WhiteCountry "USA"]
[BlackCountry "USA"]
[WhiteElo "1812"]
[WhiteRD "69"]
[BlackElo "1898"]
[BlackRD "67"]
[GameID "225953"]

1. d4 Nf6 2. c4 g6 3. Nc3 Bg7 4. e4 d6 5. Nf3 O-O 6. Bd3 c5 7. Be3 cxd4 8. Bxd4 Nc6 9. Be3 Ng4 10. Bd2 Nge5
11. Be2 Nxf3+ 12. Bxf3 Nd4 13. O-O Be6 14. b3 Nxf3+ 15. Qxf3 Bd7 16. Qd1 Bc6 17. Re1 Qc7 18. Qc1 Rfd8 19. Bh6 Bh8 20. Rb1 Qa5
21. Nd5 Bxd5 22. exd5 Rd7 23. a4 Rc8 24. Qg5 Bf6 25. Qf4 Qc3 26. Re3 Qd4 27. Re4 Qd3 28. Rbe1 Bg7 29. Bxg7 Kxg7 30. R4e3 Qd2
31. Qg3 Qd4 32. h4 Re8 33. Re4 Qb2 34. R4e2 Qd4 35. Qg5 f6 36. Qg3 a6 37. Re4 Qd2=
1/2-1/2

[Event "2010 Standard Chess Dropout Tournament, Round 1"]
[Site "SchemingMind.com"]
[Date "2009.11.09"]
[Round "1"]
[White "Erik Johnson"]
[Black "pjl1015"]
[Result "0-1"]
[WhiteCountry "USA"]
[BlackCountry "USA"]
[WhiteElo "1718"]
[WhiteRD "77"]
[BlackElo "2382"]
[BlackRD "110"]
[GameID "225954"]

1. e4 e5 2. Nf3 Nc6 3. Nc3 Nf6 4. d3 d5 5. exd5 Nxd5 6. Nxd5 Qxd5 7. Be2 Bf5 8. c4 Bb4+ 9. Bd2 Bxd2+ 10. Qxd2 Qd6
11. Rd1 O-O-O 12. Ng5 Qf6 13. O-O h6 14. Nxf7 Qxf7 15. Qc3 Nd4 16. Rfe1 e4 17. dxe4 Nxe2+
0-1

[Event "2010 Standard Chess Dropout Tournament, Round 1"]
[Site "SchemingMind.com"]
[Date "2009.11.09"]
[Round "1"]
[White "Exal Garcia-Carrillo"]
[Black "Wojciech  Langer"]
[Result "1-0"]
[WhiteCountry "MEX"]
[BlackCountry "INT"]
[WhiteElo "1808"]
[WhiteRD "95"]
[BlackElo "1694"]
[BlackRD "89"]
[GameID "225955"]

1. e4 e5 2. Nf3 d6 3. d3 c6 4. Nc3 Be7 5. Be2 Nf6 6. O-O Be6 7. h3 Nbd7 8. Re1 Qc7 9. Bd2 h5 10. Qc1 d5
11. Ng5 O-O-O 12. Nxe6 fxe6 13. b4 Bxb4 14. a3 Bc5 15. Na4 Bb6 16. Nxb6+ Nxb6 17. c3 dxe4 18. dxe4 Nxe4 19. Be3 Nd6 20. a4 Nbc4
21. Bxa7 b6 22. Bxb6 Nxb6 23. a5 Nbc4 24. a6 Qa7 25. Qc2 Rhf8 26. Bxh5 Nf5 27. Be2 Rd2 28. Qe4 Ncd6 29. Qxe5 Kd7 30. Qf4 Rd5
31. Bf3 e5 32. Qa4 Rc5 33. Rad1 Re8 34. Qg4 Kd8 35. Qxf5 Qe7 36. Qg6 Kc7 37. Rxd6 Qxd6 38. Qxe8
1-0

[Event "2010 Standard Chess Dropout Tournament, Round 1"]
[Site "SchemingMind.com"]
[Date "2009.11.14"]
[Round "1"]
[White "Faloan"]
[Black "Brennan Price"]
[Result "1/2-1/2"]
[WhiteCountry "GER"]
[BlackCountry "USA"]
[WhiteElo "2164"]
[WhiteRD "86"]
[BlackElo "2102"]
[BlackRD "98"]
[GameID "225956"]

1. d4 Nf6 2. c4 e6 3. Nc3 Bb4 4. f3 d5 5. a3 Bxc3+ 6. bxc3 c5 7. cxd5 Nxd5 8. dxc5 Qa5 9. e4 Ne7 10. Be3 Qxc3+
11. Kf2 O-O 12. Ne2 Qa5 13. Nd4 Nbc6 14. Nb5 f5 15. Qc2 fxe4 16. Qxe4 Nd5 17. Be2 Rf5 18. Nd4 Nxe3 19. Nxc6 bxc6 20. Qxe3 Rxc5
21. Rhd1 Rb8 22. Rac1 Rxc1 23. Rxc1 Qc7 24. Qc5 Qb6 25. g3 Bd7=
1/2-1/2

[Event "2010 Standard Chess Dropout Tournament, Round 1"]
[Site "SchemingMind.com"]
[Date "2009.11.09"]
[Round "1"]
[White "Phillip Beckett"]
[Black "Mekon"]
[Result "1-0"]
[WhiteCountry "ENG"]
[BlackCountry "USA"]
[WhiteElo "1736"]
[WhiteRD "60"]
[BlackElo "1747"]
[BlackRD "79"]
[GameID "225957"]

1. e4 Nf6 2. Nc3 e5 3. Nf3 Nc6 4. Be2 d5 5. d3 Bb4 6. Bd2 O-O 7. exd5 Nxd5 8. Nxd5 Bxd2+ 9. Qxd2 Qxd5 10. O-O Nd4
11. Nxd4 exd4 12. Bf3 Qb5 13. b3 Bd7 14. a4 Qb6 15. Qf4 Bc6 16. Bxc6 Qxc6 17. Qxd4 Rad8 18. Qc4 Qxc4 19. bxc4 Rfe8 20. Rfe1 c5
21. Kf1 Kf8= 22. Rxe8+ Rxe8 23. Re1 Rxe1+ 24. Kxe1 Ke7 25. Ke2 Ke6 26. Ke3 Ke5 27. c3 a6 28. d4+ cxd4+ 29. cxd4+ Kd6 30. Ke4 b6
31. f4 Kc6 32. Ke5 b5 33. cxb5+ axb5 34. axb5+ Kxb5 35. d5 Kb6 36. g4 Kc7 37. d6+ Kd7 38. h4 f6+ 39. Kd5 g6 40. g5 fxg5
41. fxg5 Ke8 42. Ke6 Kd8 43. d7
1-0

[Event "2010 Standard Chess Dropout Tournament, Round 1"]
[Site "SchemingMind.com"]
[Date "2009.11.09"]
[Round "1"]
[White "fatdaddy"]
[Black "JLD"]
[Result "0-1"]
[WhiteCountry "USA"]
[BlackCountry "USA"]
[WhiteElo "1291"]
[WhiteRD "110"]
[BlackElo "2042"]
[BlackRD "126"]
[GameID "225958"]

1. e4 c5 2. Nf3 Nc6 3. Bb5 g6 4. Bxc6 dxc6 5. d3 Bg7 6. h3 Nf6 7. O-O O-O 8. Nc3 Ne8 9. Ng5 h6 10. Nf3 e5
11. b3 f5 12. Ba3 b6 13. Bb2 f4 14. Qe2 g5 15. a4 h5 16. a5 g4 17. Rad1 gxf3 18. Qxf3 Qh4 19. axb6 axb6 20. Qg3 fxg3
0-1

[Event "2010 Standard Chess Dropout Tournament, Round 1"]
[Site "SchemingMind.com"]
[Date "2009.11.10"]
[Round "1"]
[White "Fiesty 50"]
[Black "polityk"]
[Result "1-0"]
[WhiteCountry "ENG"]
[BlackCountry "POL"]
[WhiteElo "2270"]
[WhiteRD "89"]
[BlackElo "1890"]
[BlackRD "133"]
[GameID "225959"]

1. e4 e6 2. d4 d5 3. Nc3 Bb4 4. e5 c5 5. a3 Bxc3+ 6. bxc3 Ne7 7. Qg4 O-O 8. Bd3 c4 9. Bh6 Ng6 10. Bxg6 fxg6
11. Be3 Nc6 12. Ne2 Qa5 13. h4 Rf5 14. h5 gxh5 15. Rxh5 Rxh5 16. Qxh5 g6 17. Qh4 Rb8 18. Bh6 Qd8 19. Bg5 Qf8 20. Kd2 b5
21. Bh6 Qf7 22. Rh1 Bb7 23. Qf6 Re8 24. Rh3 Qxf6 25. exf6 e5 26. Bf4 exf4 27. f7+ Kxf7 28. Rxh7+
1-0

[Event "2010 Standard Chess Dropout Tournament, Round 1"]
[Site "SchemingMind.com"]
[Date "2009.11.10"]
[Round "1"]
[White "Filanator"]
[Black "JasonY1982"]
[Result "0-1"]
[WhiteCountry "AUS"]
[BlackCountry "USA"]
[WhiteElo "1112"]
[WhiteRD "132"]
[BlackElo "2030"]
[BlackRD "82"]
[GameID "225960"]

1. Nf3 Nf6 2. Nc3 d5 3. d4 Bf5 4. Bf4 e6 5. e3 Bb4 6. Ne5 Ne4 7. Qd2 Nxd2 8. Kxd2 Bxc3+ 9. bxc3 Nd7 10. Bb5 c6
11. Bd3 Bxd3 12. Nxd3 O-O 13. Rab1 b6 14. Nb4 c5 15. Nc6 Qh4 16. g3 Qh5 17. Ne7+ Kh8
0-1

[Event "2010 Standard Chess Dropout Tournament, Round 1"]
[Site "SchemingMind.com"]
[Date "2009.11.09"]
[Round "1"]
[White "fouche"]
[Black "Peacemaker"]
[Result "0-1"]
[WhiteCountry "COL"]
[BlackCountry "GER"]
[WhiteElo "1676"]
[WhiteRD "71"]
[BlackElo "2494"]
[BlackRD "77"]
[GameID "225962"]

1. c4 Nf6 2. Nc3 e5 3. e4 c6 4. Nf3 d6 5. Be2 Be7 6. O-O c5 7. Qc2 O-O 8. Nd5 Nxd5 9. cxd5 f5 10. d3 Na6
11. a3 Qe8 12. Bd2 Qg6 13. b4 Bd7 14. Rfb1 cxb4 15. axb4 Bd8 16. b5 Rc8 17. Qa4 Nc5 18. Qxa7 fxe4 19. dxe4 Bh3 20. Bf1 Rxf3
21. Be3 Bh4 22. Ra2 Nxe4 23. g3 Bxg3 24. Bxh3 Bxh2+ 25. Kxh2 Qh5
0-1

[Event "2010 Standard Chess Dropout Tournament, Round 1"]
[Site "SchemingMind.com"]
[Date "2009.11.10"]
[Round "1"]
[White "Frenchy"]
[Black "CuriousShadow"]
[Result "1/2-1/2"]
[WhiteCountry "CAN"]
[BlackCountry "USA"]
[WhiteElo "1959"]
[WhiteRD "94"]
[BlackElo "2075"]
[BlackRD "139"]
[GameID "225963"]

1. e4 c5 2. c3 d5 3. exd5 Qxd5 4. d4 Nf6 5. dxc5 Qxc5 6. Be3 Qa5 7. Na3 Nc6 8. Nc4 Qc7 9. Nf3 Bg4 10. Be2 e6
11. Nd4 Nxd4 12. Bxd4 Bxe2 13. Qxe2 Be7 14. Ne5 O-O 15. O-O Rfd8 16. Rfe1 Bf8 17. Rad1 Nd5 18. Qg4 Nf6 19. Qe2 Nd5 20. Qg4 Nf6
21. Qe2
1/2-1/2

[Event "2010 Standard Chess Dropout Tournament, Round 1"]
[Site "SchemingMind.com"]
[Date "2009.11.14"]
[Round "1"]
[White "Games Freak"]
[Black "lame wolf"]
[Result "1-0"]
[WhiteCountry "AUS"]
[BlackCountry "INT"]
[WhiteElo "1128"]
[WhiteRD "119"]
[BlackElo "1052"]
[BlackRD "44"]
[GameID "225964"]

1. e4 c5 2. Nc3 Nc6 3. Nh3 e6 4. Qf3 Qf6 5. Be2 Qxf3 6. Bxf3 d6 7. O-O Nf6 8. d3 Be7 9. Bf4 e5 10. Rae1 b6
11. Bg5 O-O 12. Nd5 Nxd5 13. exd5 Bxg5 14. Nxg5 b5 15. dxc6 Be6 16. Be4 d5 17. Bf3 e4 18. dxe4 d4 19. Rd1 Bc4 20. Rfe1 Bxa2
21. b3 c4 22. Rxd4 cxb3 23. cxb3 Bxb3 24. Rb1 Bc2 25. Rc1 Bb3 26. c7 Be6 27. Rb4 a6 28. e5 Rfc8 29. Be4 Ra7 30. Bxh7+ Kf8
31. Rf4 g6 32. Nxe6+ Ke8 33. Ng5 Raxc7 34. Rxc7 Rxc7 35. f3 Kf8 36. Ne6+
1-0

[Event "2010 Standard Chess Dropout Tournament, Round 1"]
[Site "SchemingMind.com"]
[Date "2009.11.09"]
[Round "1"]
[White "Gilligan"]
[Black "Gordon"]
[Result "0-1"]
[WhiteCountry "USA"]
[BlackCountry "ENG"]
[WhiteElo "1630"]
[WhiteRD "77"]
[BlackElo "2402"]
[BlackRD "92"]
[GameID "225965"]

1. d4 d5 2. c4 e5 3. dxe5 d4 4. e3 Bb4+ 5. Bd2 dxe3 6. fxe3 Qh4+ 7. g3 Qe4 8. Nf3 Qxe3+ 9. Be2 Bxd2+ 10. Nbxd2 Ne7
11. Nf1 Qc5 12. N1d2 Nbc6 13. b3 Bf5 14. Nh4 O-O-O 15. Nxf5 Nxf5 16. Bg4 Qxe5+ 17. Be2 Ne3 18. Qb1 Ng2+ 19. Kf1 Rxd2 20. Kxg2 Qxe2+
21. Kh3 Qh5#
0-1

[Event "2010 Standard Chess Dropout Tournament, Round 1"]
[Site "SchemingMind.com"]
[Date "2009.11.09"]
[Round "1"]
[White "Gordon"]
[Black "robertoi72"]
[Result "1-0"]
[WhiteCountry "ENG"]
[BlackCountry "ITA"]
[WhiteElo "2402"]
[WhiteRD "92"]
[BlackElo "1830"]
[BlackRD "85"]
[GameID "225966"]

1. d4 Nf6 2. c4 e6 3. Nf3 b6 4. g3 Ba6 5. Qc2 c5 6. d5 exd5 7. cxd5 Bb7 8. Bg2 Nxd5 9. O-O Be7 10. Rd1 Nc6
11. Qa4 Nf6 12. Nh4 g6 13. Bh6 Bf8 14. Bxf8 Kxf8 15. Nc3 a6 16. Rd6 Kg7 17. Rad1 Re8 18. Bxc6 Bxc6 19. Rxc6 dxc6 20. Rxd8 Raxd8
21. Qxc6 Re6 22. Qb7 a5 23. Nf3 Rd7 24. Qb8
1-0

[Event "2010 Standard Chess Dropout Tournament, Round 1"]
[Site "SchemingMind.com"]
[Date "2009.11.11"]
[Round "1"]
[White "Harold"]
[Black "sibelius"]
[Result "0-1"]
[WhiteCountry "GBR"]
[BlackCountry "USA"]
[WhiteElo "1676"]
[WhiteRD "85"]
[BlackElo "2255"]
[BlackRD "80"]
[GameID "225967"]

1. e4 c5 2. Nf3 Nc6 3. d4 cxd4 4. Nxd4 e5 5. Nb5 d6 6. c4 Nf6 7. N1c3 a6 8. Na3 Be7 9. Bd3 O-O 10. O-O Be6
11. Nc2 Nd7 12. Ne3 Rc8
0-1

[Event "2010 Standard Chess Dropout Tournament, Round 1"]
[Site "SchemingMind.com"]
[Date "2009.11.09"]
[Round "1"]
[White "harsh"]
[Black "Archon"]
[Result "1-0"]
[WhiteCountry "IND"]
[BlackCountry "CAN"]
[WhiteElo "1941"]
[WhiteRD "92"]
[BlackElo "1648"]
[BlackRD "59"]
[GameID "225968"]

1. e4 d6 2. d4 Nf6 3. Nc3 g6 4. Nf3 Bg7 5. Be2 O-O 6. Be3 Nc6 7. O-O e5 8. h3 a6 9. d5 Ne7 10. Qd2 Nd7
11. Bh6 f5 12. Bxg7 Kxg7 13. Ng5 Nf6 14. exf5 Nxf5 15. f4 exf4 16. Rxf4 Qe7 17. Bg4 Nxg4 18. Rxg4 Nh6 19. Re4 Qf6 20. Rae1 Nf5
21. g4 Nh4 22. Re7+ Kg8 23. Qe3 Nf3+ 24. Nxf3 Qxf3 25. Qxf3 Rxf3 26. Re8+ Rf8 27. R8e7 Rf7 28. Re8+ Rf8 29. R1e7 Rxe8 30. Rxe8+ Kf7
31. Rd8 b6 32. Ne4 Bb7 33. Ng5+ Kg7 34. Rd7+ Kg8 35. c4 b5 36. Rxc7 Rb8 37. b3 bxc4 38. bxc4 a5 39. Nxh7 Ba6 40. Nf6+ Kf8
41. Nd7+
1-0

[Event "2010 Standard Chess Dropout Tournament, Round 1"]
[Site "SchemingMind.com"]
[Date "2009.11.09"]
[Round "1"]
[White "Hexsaw"]
[Black "talobsessed"]
[Result "0-1"]
[WhiteCountry "ENG"]
[BlackCountry "SWE"]
[WhiteElo "1335"]
[WhiteRD "81"]
[BlackElo "1995"]
[BlackRD "164"]
[GameID "225971"]

1. d4 d5 2. Nf3 Nf6 3. Nc3 e6 4. Be3 Nbd7 5. Ne5 Bb4 6. a3 Bxc3+ 7. bxc3 c5 8. Rb1 Ne4 9. c4 Nc3 10. Qc1 Nxe5
11. dxe5 Nxb1 12. Qxb1 Qa5+ 13. Kd1 Qxa3 14. g3 dxc4 15. Qb5+ Bd7 16. Qxc4 Rd8 17. Bf4 Bb5+ 18. Qd3 Bxd3 19. exd3 O-O 20. Bg2 Rxd3+
21. Bd2 Rfd8 22. Be4 Rxd2+ 23. Ke1 Qc1#
0-1

[Event "2010 Standard Chess Dropout Tournament, Round 1"]
[Site "SchemingMind.com"]
[Date "2009.11.14"]
[Round "1"]
[White "jacekp_05"]
[Black "mmccaffe"]
[Result "1-0"]
[WhiteCountry "POL"]
[BlackCountry "USA"]
[WhiteElo "1841"]
[WhiteRD "125"]
[BlackElo "1645"]
[BlackRD "63"]
[GameID "225972"]

1. e4 c5 2. f4 d6 3. Nf3 g6 4. Bc4 Bg7 5. d3 Nf6 6. O-O O-O 7. Nc3 Nc6 8. Nd5 Nxd5 9. Bxd5 Qc7 10. c3 e6
11. Bb3 b5 12. Be3 Bb7 13. Rc1 a6 14. d4 c4 15. Bc2 e5 16. d5 Ne7 17. Qd2 f5 18. fxe5 fxe4 19. Bxe4 Nf5 20. e6 Ne7
21. Ng5 Qa5 22. Nf7 b4 23. cxb4 Qxa2 24. Nxd6 c3 25. bxc3 Qxd2 26. Bxd2 Bxd5 27. Bxd5 Nxd5 28. c4 Bd4+ 29. Kh1 Rxf1+ 30. Rxf1 Rd8
31. cxd5 Rxd6 32. e7
1-0

[Event "2010 Standard Chess Dropout Tournament, Round 1"]
[Site "SchemingMind.com"]
[Date "2009.11.09"]
[Round "1"]
[White "JasonY1982"]
[Black "sythymesnos"]
[Result "1-0"]
[WhiteCountry "USA"]
[BlackCountry "FRA"]
[WhiteElo "2046"]
[WhiteRD "84"]
[BlackElo "1564"]
[BlackRD "137"]
[GameID "225973"]

1. e4 c6 2. d4 d5 3. e5 e6 4. Nf3 Nd7 5. Bd3 b6 6. O-O Qc7 7. Nc3 a6 8. Ng5 g6 9. Qf3 Nh6 10. Qh3 Nxe5
11. dxe5 Qxe5 12. Bd2 Qg7 13. Qg3 Nf5 14. Bxf5 gxf5 15. Qc7 Bd7 16. Qxb6 Bd6 17. g3 O-O 18. f4 Rfb8 19. Qe3 d4 20. Qd3 c5
21. Rfe1 h6 22. Nf3 dxc3 23. Bxc3 Qf8 24. Be5 Bxe5 25. Nxe5 Bb5 26. c4
1-0

[Event "2010 Standard Chess Dropout Tournament, Round 1"]
[Site "SchemingMind.com"]
[Date "2009.11.09"]
[Round "1"]
[White "JLD"]
[Black "roque"]
[Result "1-0"]
[WhiteCountry "USA"]
[BlackCountry "FRA"]
[WhiteElo "2042"]
[WhiteRD "126"]
[BlackElo "1820"]
[BlackRD "116"]
[GameID "225974"]

1. e4 e6 2. d4 d5 3. Nc3 Nf6 4. Bg5 Be7 5. e5 Nfd7 6. Bxe7 Qxe7 7. f4 O-O 8. Nf3 c5 9. Qd2 Nc6 10. dxc5 Nxc5
11. O-O-O a6 12. Bd3 f5 13. exf6 Qxf6 14. g3 Nxd3+ 15. Qxd3 Bd7 16. Rhe1 Qf5 17. Qxf5 Rxf5 18. Ng5 Re8 19. Nge4 d4 20. Ne2 Rd5
21. c4 dxc3 22. N2xc3 Rxd1+ 23. Rxd1 Bc8 24. Nd6 Rd8 25. Nxc8 Rxc8 26. Rd7 b5 27. Kd2 Rd8 28. Rxd8+ Nxd8 29. Ke3 Kf7 30. Kd4 Nb7
31. Ne4 Ke7 32. b4 Kd7 33. Nc5+ Nxc5 34. Kxc5 Kc7 35. g4 h6 36. h4 g6 37. h5 g5 38. fxg5
1-0

[Event "2010 Standard Chess Dropout Tournament, Round 1"]
[Site "SchemingMind.com"]
[Date "2009.11.10"]
[Round "1"]
[White "JMD"]
[Black "Trener"]
[Result "0-1"]
[WhiteCountry "GBR"]
[BlackCountry "PAR"]
[WhiteElo "1464"]
[WhiteRD "86"]
[BlackElo "2124"]
[BlackRD "102"]
[GameID "225975"]

1. e3 e5 2. Nc3 Nf6 3. Qf3 d5 4. e4 d4 5. Nd5 Nxd5 6. exd5 Nd7 7. Bb5 Bc5 8. d3 Bb4+ 9. Bd2 Bxd2+ 10. Kxd2 O-O
11. Bxd7 Bxd7 12. Re1 Qg5+ 13. Re3 dxe3+ 14. fxe3 c6 15. h3 cxd5 16. h4 Qe7 17. Qxd5 Qb4+ 18. Kc1 Qe1#
0-1

[Event "2010 Standard Chess Dropout Tournament, Round 1"]
[Site "SchemingMind.com"]
[Date "2009.11.09"]
[Round "1"]
[White "Jochen"]
[Black "Apatchenlama"]
[Result "1-0"]
[WhiteCountry "GBR"]
[BlackCountry "GER"]
[WhiteElo "1291"]
[WhiteRD "78"]
[BlackElo "1590"]
[BlackRD "122"]
[GameID "225976"]

1. Nf3 d5 2. e3 Nf6 3. Bb5+ c6 4. Be2 Nbd7 5. O-O e5 6. d4 e4 7. Nfd2 Bd6 8. c4 O-O 9. Nc3 b6 10. cxd5 cxd5
11. Nb5 Bb8 12. f3 a6 13. Nc3 Qc7 14. f4 b5 15. Nb3 Nb6 16. Nc5 Nbd7 17. b4 Nxc5 18. dxc5 Qc6 19. a4 bxa4 20. Qxa4 Qxa4
21. Nxa4 Bc7 22. Bb2 Bg4 23. Nc3 Bxe2 24. Nxe2 Nd7 25. Rad1 Nb8 26. Nc3 Nc6 27. Nxd5 Ra7 28. Bc3 Rb8 29. f5 h5 30. f6 g6
31. Ne7+ Nxe7 32. fxe7 f5 33. Be5 Re8 34. Rd7
1-0

[Event "2010 Standard Chess Dropout Tournament, Round 1"]
[Site "SchemingMind.com"]
[Date "2009.11.14"]
[Round "1"]
[White "Sebastian Strauchler"]
[Black "Ursus"]
[Result "1-0"]
[WhiteCountry "ARG"]
[BlackCountry "INT"]
[WhiteElo "2173"]
[WhiteRD "108"]
[BlackElo "1743"]
[BlackRD "81"]
[GameID "225977"]

1. e4 e5 2. Nf3 Nc6 3. Bb5 a6 4. Ba4 Nf6 5. O-O Be7 6. Re1 b5 7. Bb3 d6 8. c3 O-O 9. d4 Bg4 10. d5 Na5
11. Bc2 c6 12. h3 Bh5 13. Nbd2 cxd5 14. exd5 Nxd5 15. Be4 Nxc3 16. bxc3 Rc8 17. g4 Bg6 18. Bxg6 fxg6 19. Bb2 Qb6 20. Rc1 Nc6
21. c4 Nb4 22. cxb5 Rxc1 23. Bxc1 Nd3 24. Qb3+
1-0

[Event "2010 Standard Chess Dropout Tournament, Round 1"]
[Site "SchemingMind.com"]
[Date "2009.11.14"]
[Round "1"]
[White "jonjenson"]
[Black "John M. Sargent"]
[Result "0-1"]
[WhiteCountry "ENG"]
[BlackCountry "ENG"]
[WhiteElo "1833"]
[WhiteRD "61"]
[BlackElo "2319"]
[BlackRD "86"]
[GameID "225978"]

1. e4 Nc6 2. Nf3 e5 3. Bc4 Bc5 4. b4 Bxb4 5. c3 Ba5 6. d4 exd4 7. O-O Nf6 8. Ba3 d6 9. e5 Ne4 10. Re1 d5
11. Bb5 dxc3 12. Nd4 c2 13. Nxc2 a6 14. Ba4 b5 15. Bb3 Be6 16. Bb2 O-O 17. Rf1 Qg5 18. f4 Bb6+ 19. Nd4 Qg6 20. Kh1 Bg4
21. Nxc6 Ng3+
0-1

[Event "2010 Standard Chess Dropout Tournament, Round 1"]
[Site "SchemingMind.com"]
[Date "2009.11.09"]
[Round "1"]
[White "Jonno"]
[Black "soundso"]
[Result "0-1"]
[WhiteCountry "ENG"]
[BlackCountry "USA"]
[WhiteElo "1379"]
[WhiteRD "99"]
[BlackElo "1715"]
[BlackRD "66"]
[GameID "225979"]

1. e4 e5 2. Nf3 Nc6 3. Bb5 a6 4. Ba4 Nf6 5. Nc3 b5 6. Bb3 Bc5 7. d3 O-O 8. Ng5 h6 9. Bxf7+ Rxf7 10. Nxf7 Kxf7
11. O-O Bb7 12. a3 Qe7 13. Nd5 Nxd5 14. exd5 Nd4 15. c3 Nf5 16. b4 Bb6 17. Qf3 Kf6 18. Be3 Qd6 19. c4 Rf8 20. c5 Bxd5
21. Qg4 Qe6 22. cxb6 cxb6 23. Bxb6 Qxb6 24. Rae1 Qd4 25. Qh3 Qh4 26. Qxh4+ Nxh4 27. f3 g5 28. g3 Nxf3+ 29. Kg2 Ke6 30. Re3 Nd2+
31. Kh3 Nxf1 32. Re2 Rf3 33. Kg2 Ne3+ 34. Kh3 Nf5 35. d4 Nxd4 36. Rd2 Rxa3
0-1

[Event "2010 Standard Chess Dropout Tournament, Round 1"]
[Site "SchemingMind.com"]
[Date "2009.11.09"]
[Round "1"]
[White "joralx3"]
[Black "echecs"]
[Result "1-0"]
[WhiteCountry "ARG"]
[BlackCountry "ENG"]
[WhiteElo "2499"]
[WhiteRD "101"]
[BlackElo "1799"]
[BlackRD "64"]
[GameID "225980"]

1. e4 e5 2. Nf3 Nf6 3. d4 Nxe4 4. Bd3 d5 5. Nxe5 Nd7 6. Nxd7 Bxd7 7. O-O Bd6 8. c4 Qh4 9. g3 Qf6 10. cxd5 Ng5
11. Bxg5 Qxg5 12. Re1+ Kf8 13. Qb3 Rb8 14. Nc3 a6 15. Bxa6 g6 16. Ne4 Qd8 17. Bb5 Bh3 18. Re3 Kg7 19. Rae1 c6 20. Bc4 Rf8
21. Nxd6 Qxd6 22. dxc6 bxc6 23. Qc3 h5 24. a4 Rh8 25. a5 h4 26. a6 Ra8 27. d5+ Kf8 28. Qxh8#
1-0

[Event "2010 Standard Chess Dropout Tournament, Round 1"]
[Site "SchemingMind.com"]
[Date "2009.11.10"]
[Round "1"]
[White "JPT"]
[Black "wayder"]
[Result "0-1"]
[WhiteCountry "INT"]
[BlackCountry "USA"]
[WhiteElo "1852"]
[WhiteRD "91"]
[BlackElo "1944"]
[BlackRD "104"]
[GameID "225981"]

1. e4 e5 2. Bb5 Nf6 3. Nc3 c6 4. Ba4 b5 5. Bb3 d5 6. exd5 b4 7. Na4 cxd5 8. d4 e4 9. Bg5 Be7 10. Ne2 Nc6
11. O-O h6 12. Bh4 O-O 13. h3 Re8 14. c3 a5 15. Bxf6 Bxf6 16. Nf4 Ba6 17. Re1 Bc4 18. Bxc4 dxc4 19. Nc5 Nxd4 20. Nxe4 Nf5
21. Qxd8 Raxd8 22. Nxf6+ gxf6 23. Rxe8+ Rxe8 24. cxb4 axb4 25. Rc1 Rc8 26. Nd5 Nd4 27. Kf1 c3
0-1